Applied descriptive geometry (Record no. 84278)

MARC details
000 -LEADER
fixed length control field 00912nam a2200205 a 4500
008 - FIXED-LENGTH DATA ELEMENTS--GENERAL INFORMATION
fixed length control field 120416s1959 ||||||||||||||||| || u
050 ## - LIBRARY OF CONGRESS CALL NUMBER
Classification number QA 501 War
100 ## - MAIN ENTRY--PERSONAL NAME
Personal name Matthew,Mcnearly
245 10 - TITLE STATEMENT
Title Applied descriptive geometry
250 ## - EDITION STATEMENT
Edition statement 5th.ed
260 ## - PUBLICATION, DISTRIBUTION, ETC.
Place of publication, distribution, etc. New York
Name of publisher, distributor, etc. McGraw-Hill
Date of publication, distribution, etc. 1959
300 ## - PHYSICAL DESCRIPTION
Extent xi, 243p.:ill
350 ## -
-- 0.00
650 ## - SUBJECT ADDED ENTRY--TOPICAL TERM
Topical term or geographic name entry element ENGINEERING
650 ## - SUBJECT ADDED ENTRY--TOPICAL TERM
Topical term or geographic name entry element Geometry,Descriptive
700 ## - ADDED ENTRY--PERSONAL NAME
Personal name Warner, Frank M
995 ## -
-- MAIN LIBRARY OPEN ACCESS
-- 0.00
-- 717506
-- CBU-MAIN LIBRARY (Kitwe)
-- 3
-- 10.45
-- QA 501 War
-- 3
-- AVAILABLE
-- 012686
-- Main Library Open Access Collection
995 ## -
-- ANNEX COLLECTION (Main Library)
-- 0.00
-- 717507
-- CBU-MAIN LIBRARY (Kitwe)
-- 1
-- 10.45
-- QA 501 War
-- 1
-- AVAILABLE
-- 012684
-- Annex Low-Usage Collection
995 ## -
-- ANNEX COLLECTION (Main Library)
-- 0.00
-- 717508
-- CBU-MAIN LIBRARY (Kitwe)
-- 2
-- 10.45
-- QA 501 War
-- 2
-- AVAILABLE
-- 012685
-- Annex Low-Usage Collection
999 ## -
-- 84278
-- 84278
Holdings
Withdrawn status Lost status Source of classification or shelving scheme Damaged status Not for loan Permanent Location Current Location Shelving location Date acquired Total Checkouts Full call number Barcode Date last seen Copy number Price effective from Koha item type
          CBU-MAIN LIBRARY, KITWE. CBU-MAIN LIBRARY, KITWE.   01/25/2024   QA 501 War 012686 01/25/2024 1 01/25/2024 MONOGRAPH
          CBU-MAIN LIBRARY, KITWE. CBU-MAIN LIBRARY, KITWE.   01/25/2024   QA 501 War 012684 01/25/2024 2 01/25/2024 MONOGRAPH
          CBU-MAIN LIBRARY, KITWE. CBU-MAIN LIBRARY, KITWE.   01/25/2024   QA 501 War 012685 01/25/2024 3 01/25/2024 MONOGRAPH